000 00657nam a2200241Ia 4500
003 OSt
005 20220918174529.0
006 a|||||r|||| 00| 0
007 ta
008 220917b |||||||| |||| 00| 0 eng d
024 _a12,740
037 _cTextual
040 _aARTS
_cARTS
_beng
041 _2eng
_aeng
082 _a/\2y7M72:g(R), M0
100 _aSharma Ram Nath
_926737
245 0 _aSocial philosophy of Sri Aurobindo
260 _aDelhi
_bVineet Pub
_c1980
300 _axiv,230p. Biboliography
_ccm.
650 _aSPIRITUALISM
942 _h/\2y7M72:g(R), M0
_cTEXL
_2CC
999 _c153593
_d153593